| 000 | 01042nmm a2200301 a 4500 | ||
|---|---|---|---|
| 001 | ocm0002016228 | ||
| 003 | TR-IsHL | ||
| 005 | 20201028175725.0 | ||
| 008 | 181107s2012 tu tur | ||
| 007 | cr cn | ||
| 020 | _a9789753435925 | ||
| 035 |
_a2016228 _b(N$T) |
||
| 050 | 0 | 4 |
_aDR603 _b.G85 2012 |
| 090 | 0 | 4 |
_aDR603 _b.G85 2012 |
| 100 | 1 | _aGüller, Mehmet Ali | |
| 245 | 1 | 0 |
_aABD'nin Neo-Osmanlı projesi: büyük Kürdistan _h[electronic resource] / _cMehmet Ali Güller |
| 250 | _a3. Basım | ||
| 260 |
_aİstanbul : _bKaynak Yayınları, _c2012 |
||
| 300 | _a243 p. | ||
| 650 | 4 | _aTarih | |
| 650 | 4 | _aHistory | |
| 650 | 0 |
_aKürtler _x Türkiye _x Siyaset ve yönetim |
|
| 650 | 0 |
_aKurds _x Turkey _x Politics and government |
|
| 650 | 0 |
_aKürtler _x Irak _x Siyaset ve yönetim |
|
| 650 | 0 |
_aKurds _x Iraq _x Politics and government |
|
| 650 | 7 |
_aHISTORY / Middle East / Turkey & Ottoman Empire _2bisacsh |
|
| 856 | 4 | 0 | _uhttp://search.ebscohost.com/login.aspx?direct=true&scope=site&db=e011xww&AN=2016228 |
| 999 |
_c18805 _d18805 |
||